Tìm hiểu thế giới khí tượng thủy văn
Đã lưu trong:
| 主要作者: | |
|---|---|
| 格式: | 图书 |
| 语言: | Undetermined |
| 出版: |
Hà Nội
Văn Hóa Thông Tin
2001
|
| 主题: | |
| 标签: |
添加标签
没有标签, 成为第一个标记此记录!
|
| Thư viện lưu trữ: | Trung tâm Học liệu Trường Đại học Cần Thơ |
|---|
| LEADER | 00610nam a2200193Ia 4500 | ||
|---|---|---|---|
| 001 | CTU_92966 | ||
| 008 | 210402s9999 xx 000 0 und d | ||
| 020 | |c 27000 | ||
| 082 | |a 551.5 | ||
| 082 | |b L735/T.2 | ||
| 100 | |a Lin, M. I. | ||
| 245 | 0 | |a Tìm hiểu thế giới khí tượng thủy văn | |
| 245 | 0 | |c M. I. Lin ; Phan Tất Đắc, Thế Trường, Phan Xương (dịch) | |
| 260 | |a Hà Nội | ||
| 260 | |b Văn Hóa Thông Tin | ||
| 260 | |c 2001 | ||
| 650 | |a Meteorology | ||
| 904 | |i Mai Loan, QHiếu | ||
| 980 | |a Trung tâm Học liệu Trường Đại học Cần Thơ | ||